Využitie umelej inteligencie v priemysle

Uložené v:
Podrobná bibliografia
Hlavný autor: Chrappa, Marek (Autor)
Ďalší autori: Komák, Martin (Vedúci práce)
Médium: Rukopis Kniha
Jazyk:Slovak
Vydavateľské údaje: 2023
Predmet:
On-line prístup:http://is.stuba.sk/zp/portal_zp.pl?podrobnosti=154984
Tagy: Pridať tag
Žiadne tagy, Buďte prvý, kto otaguje tento záznam!

MARC

LEADER 00000ntm a22000003a 4500
001 stuzp92336
003 SK-STU
005 20230909212816.8
007 ta
008 150427s2015----xo-----f-mn---000-0-slo-d
040 |a STU  |b slo 
041 0 |a slo 
100 1 |a Chrappa, Marek  |u 070200  |4 aut  |U FIIT Fakulta informatiky a informačných technológií  |T FIIT Ústav informatiky, informačných systémov a softvérového inžinierstva  |X 102960  |U I200  |Y 179  |7 102960 
242 0 1 |a Usage of artificial intelligence in industry  |y eng 
245 1 0 |a Využitie umelej inteligencie v priemysle 
260 |c 2023 
650 4 |a Neurónová sieť  |2 slo 
650 4 |a Priemysel 4.0  |2 slo 
650 4 |a Umelá inteligencia  |2 slo 
650 4 |a AI  |2 eng 
650 4 |a Neural Network  |2 eng 
650 4 |a Industry 4.0  |2 eng 
700 1 |a Komák, Martin  |u 070200  |k Z1  |4 ths  |U FIIT Fakulta informatiky a informačných technológií  |T FIIT Ústav informatiky, informačných systémov a softvérového inžinierstva  |X 68441  |U I200  |Y 179  |7 A000068441 
856 4 |u http://is.stuba.sk/zp/portal_zp.pl?podrobnosti=154984